Rural development policies & programmes and their administration in Nepal since the middle of seventies with particular reference to rural poverty alleviation (Record no. 19581)

MARC details
000 -LEADER
fixed length control field 00507nam a2200157Ia 4500
082 ## - DEWEY DECIMAL CLASSIFICATION NUMBER
Classification number RK.012;
100 ## - MAIN ENTRY--AUTHOR NAME
Personal name Khanna, B.S.
245 #0 - TITLE STATEMENT
Title Rural development policies & programmes and their administration in Nepal since the middle of seventies with particular reference to rural poverty alleviation
260 ## - PUBLICATION, DISTRIBUTION, ETC. (IMPRINT)
Year of publication 0
300 ## - PHYSICAL DESCRIPTION
Number of Pages 179p.+tabs
650 ## - SUBJECT ADDED ENTRY--TOPICAL TERM
Topical Term RURAL DEVELOPMENT - NEPAL
650 ## - SUBJECT ADDED ENTRY--TOPICAL TERM
Topical Term RURAL POOR - NEPAL
650 ## - SUBJECT ADDED ENTRY--TOPICAL TERM
Topical Term POVERTY - NEPAL
710 ## - ADDED ENTRY--CORPORATE NAME
Corporate name or jurisdiction name as entry element Panjab University, Chandigarh
942 ## - ADDED ENTRY ELEMENTS (KOHA)
Koha item type Research Reports
Source of classification or shelving scheme Dewey Decimal Classification
Holdings
Withdrawn status Lost status Damaged status Not for loan Home library Current library Date acquired Bill Date Full call number Accession Number Price effective from Koha item type
        NASSDOC Library NASSDOC Library 08/10/2004 2004-10-22 RK.012; 29250 18/04/2019 Research Reports
        NASSDOC Library NASSDOC Library 08/10/2004 2004-10-22 RK.012; 29251 18/04/2019 Books